MORAL AND VALUE EDUCATION (Record no. 34040)

MARC details
000 -LEADER
fixed length control field 00302nam a22001337a 4500
003 - CONTROL NUMBER IDENTIFIER
control field SGT
020 ## - INTERNATIONAL STANDARD BOOK NUMBER
International Standard Book Number 9788179100554
082 ## - DEWEY DECIMAL CLASSIFICATION NUMBER
Classification number 370.114
100 ## - MAIN ENTRY--PERSONAL NAME
Personal name THOMAS,B.
245 ## - TITLE STATEMENT
Title MORAL AND VALUE EDUCATION
260 ## - PUBLICATION, DISTRIBUTION, ETC. (IMPRINT)
Place of publication, distribution, etc JAIPUR
Name of publisher, distributor, etc AAVISHKAR PUBLISHERS DISTRIBUTORS
Year of Publication 2021
300 ## - PAGE DESCRIPTION
No. of Pages 230
942 ## - ADDED ENTRY ELEMENTS (KOHA)
Source of classification or shelving scheme Dewey Decimal Classification
Koha item type Books
Holdings
Withdrawn status Lost status Source of classification or shelving scheme Damaged status Not for loan Collection code Home library Current library Shelving location Date acquired Vendor Name Cost, normal purchase price SGTU Bill Number Total Checkouts Full call number Accession No. (Barcode) Date last seen Bill Date Koha item type
    Dewey Decimal Classification   Not For Loan EDUCATION SGT Engineering Library SGT Engineering Library Reference Book 07/02/2026 BRIJWASI BOOK DISTRIBUTORS 1800.00 SGTU IN/BW/000382   370.114 ED5542 07/02/2026 20/12/2025 Books